Top 10 NBA Players Currently Active - Statistics

General Stats
  • This quiz has been taken 41 times
  • The average score is 8 of 10
Answer Stats
Rank Answer % Correct
2 Steph Curry
100%
1 Lebron James
97%
3 Kevin Durant
94%
5 Nikola Jokic
94%
4 Giannis Antetokounmpo
89%
8 Luka Doncic
86%
6 Joel Embiid
71%
7 Chris Paul
51%
10 Damian Lillard
51%
9 Russell Westbrook
46%
No matching quizzes found
Score Distribution
Percent of People with Each Score
Percentile by Number Answered
Your Score History
You have not taken this quiz